Kesan mengajar menggunakan teknik pengabungan ayat terhadap ayat-ayat majmuk dalam penulisan karangan /
Saved in:
| Main Author: | |
|---|---|
| Format: | Thesis Book |
| Language: | Malay |
| Published: |
1998.
|
| Subjects: | |
| Tags: |
Add Tag
No Tags, Be the first to tag this record!
|
| LEADER | 01380cam a2200301 a 4500 | ||
|---|---|---|---|
| 001 | u431476 | ||
| 003 | SIRSI | ||
| 008 | 850208s1998 my mm 00 1 may m | ||
| 035 | |a ACG-0853 | ||
| 040 | |a UMM |b UMD |e rda | ||
| 090 | |a LB1634 |b M2Sitrb | ||
| 091 | |a Microfiche 14063 | ||
| 100 | 0 | 0 | |a Siti Ramlah Bakri. |
| 245 | 1 | 0 | |a Kesan mengajar menggunakan teknik pengabungan ayat terhadap ayat-ayat majmuk dalam penulisan karangan / |c Siti Ramlah Bakri. |
| 260 | |c 1998. | ||
| 300 | |a vii, 160 leaves [append.] : |b ill. ; |c 29 cm. | ||
| 500 | |a Microfiche. Kuala Lumpur : University of Malaya Library, 1999. 2 fiches : negative ; 11 x 15 cm. | ||
| 502 | |a Dissertation (M.Ed.) - Fakulti Pendidikan, Universiti Malaya, 1998. | ||
| 504 | |a Bibliography: leaves 135-147. | ||
| 650 | 0 | |a Malay language |x Study and teaching (Secondary) | |
| 650 | 0 | |a Malay language |x Sentences | |
| 650 | 0 | |a Malay language |x Compound words | |
| 710 | 2 | 0 | |a Universiti Malaya. |b Fakulti Pendidikan. |
| 948 | |a 13/11/1998 |b 10/06/2002 | ||
| 596 | |a 1 8 | ||
| 999 | |a LB1634 M2SITRB |w LC |c 1 |i A508309244 |d 19/2/2012 |e 19/2/2012 |l STACKS |m P01UTAMA |n 8 |r Y |s Y |t TESIS |u 9/12/1998 | ||
| 999 | |a LB1634 M2SITRB |w LC |c 1 |i A506706934 |l STACKS |m P08PENDIDI |r Y |s Y |t TESIS |u 6/1/1999 | ||
| 999 | |a LB1634 M2SITRB |w LC |c 2 |i A506706970 |d 12/1/2018 |f 12/1/2018 |g 1 |l STACKS |m P08PENDIDI |r Y |s Y |t TESIS |u 6/1/1999 |o .STAFF. Tesis disimpan dibilik tesis ( Blok D) | ||
